Ingeniería Mecánica: Dinámica

Salvato in:
Dettagli Bibliografici
Autore principale: Hibbeler, Russell C (Autore)
Natura: Libro
Lingua:spagnolo
Pubblicazione: Cuernavaca, México: Pearson Educación, 2010
Edizione:Decimosegunda edición
Soggetti:
Accesso online:Disponible Online
Tags: Aggiungi Tag
Nessun Tag, puoi essere il primo ad aggiungerne!!

MARC

LEADER 00000cam a2200000 a 4500
001 UCE8555
003 CL-VaPUC
005 20220120074427.0
008 150813e20100000mx |||||||||||||||||spa|d
999 |c 360379  |d 360377 
020 |a 9786074425604 
040 |c Pontificia Universidad Católica de Valparaíso 
082 0 4 |a 620.1 HIB 2010  |2 21 
100 |a Hibbeler, Russell C  |e author  |9 591026 
245 1 0 |a Ingeniería Mecánica: Dinámica 
250 |a Decimosegunda edición  
260 |a Cuernavaca, México:  |b Pearson Educación,   |c 2010 
300 |a 732 páginas  
583 |a last modification  |c 20150820 11:25:50  |k Rodrigo Vera 
650 0 |a Mecánica aplicada  |9 260187 
650 0 |a Dinámica  |9 260136 
650 0 |a Movimiento  |9 322237 
650 0 |a Cinética  |9 260943 
856 |u http://bibliografiadigital.pucv.cl/index.php/bibliotecapucv/catalog/book/881  |y Disponible Online  
942 |c BK  |2 ddc 
945 |d 20150813 15:56:00  |a dcastane 
952 |0 0  |1 0  |2 ddc  |3 erb  |4 0  |6 620_100000000000000_HIB_2010  |7 0  |8 A  |9 470135  |a BIBING  |b BIBING  |c RES  |i 5194490  |l 13  |m 3  |o 620.1 HIB 2010  |p 5194490  |r 2025-04-23  |s 2025-04-16  |w 2019-11-23  |y BK  |z Catalogado en:20150813  |k CIC 
952 |0 0  |1 0  |2 ddc  |3 erb  |4 0  |6 620_100000000000000_HIB_2010  |7 0  |8 A  |9 470136  |a BIBING  |b BIBING  |c RES  |i 5194482  |l 13  |m 1  |o 620.1 HIB 2010  |p 5194482  |r 2025-04-15  |s 2025-03-27  |w 2019-11-23  |y BK  |z Catalogado en:20150813  |k CIC 
952 |0 0  |1 0  |2 ddc  |3 erb  |4 0  |6 620_100000000000000_HIB_2010  |7 0  |8 A  |9 470137  |a BIBING  |b BIBING  |c RES  |i 5194474  |l 23  |o 620.1 HIB 2010  |p 5194474  |r 2025-01-20  |s 2024-08-30  |w 2019-11-23  |y BK  |z Catalogado en:20150813  |k CIC 
952 |0 0  |1 0  |2 ddc  |3 erb  |4 0  |6 620_100000000000000_HIB_2010  |7 0  |8 A  |9 470138  |a BIBING  |b BIBING  |c RES  |i 5194466  |l 7  |m 4  |o 620.1 HIB 2010  |p 5194466  |r 2025-01-20  |s 2023-09-25  |w 2019-11-23  |y BK  |z Catalogado en:20150813  |k CIC 
952 |0 0  |1 0  |2 ddc  |3 erb  |4 0  |6 620_100000000000000_HIB_2010  |7 0  |8 A  |9 470139  |a BIBING  |b BIBING  |c RES  |i 5194458  |l 10  |m 1  |o 620.1 HIB 2010  |p 5194458  |r 2025-05-09  |s 2025-04-25  |w 2019-11-23  |y BK  |z Catalogado en:20150813  |k CIC